| 000 | 02187nam1a2200313 i 4500 | ||
|---|---|---|---|
| 001 | RU\NLR\BIBL_A\012703894 | ||
| 005 | 20241115063117.0 | ||
| 035 | _a(NLR Aleph) 012703894 | ||
| 090 |
_a12887666 _c12887666 |
||
| 100 | _a20220209g2020 um y0rusy50 ca | ||
| 101 | 0 |
_arus _ceng |
|
| 102 | _aRU | ||
| 105 | _a||||j|||||||| | ||
| 181 | 0 |
_ai3 _bab2e |
|
| 182 | 0 | _an | |
| 200 | 1 |
_aИнформационные технологии в управлении качеством и защита информации _eучебное пособие _eдля студентов по направлению подготовки 27.03.02 "Управление качеством" _fВ. В. Сухостат _gМинистерство науки и высшего образования Российской Федерации, Федеральное государственное бюджетное образовательное учреждение высшего образования "Санкт-Петербургский государственный экономический университет", Кафедра вычислительных систем и программирования |
|
| 203 |
_aТекст _bвизуальный _cнепосредственный |
||
| 210 |
_aСанкт-Петербург _cИзд-во Санкт-Петербургского государственного экономического университета _d2020 |
||
| 215 | _d20 | ||
| 300 | _aРез. англ. | ||
| 606 | 1 |
_aКачество продукции _jУчебные издания для высших учебных заведений _xУправление _xИнформационные технологии _92504276 _3RU\NLR\AUTH\6601700390 |
|
| 606 |
_aИнформация _jУчебные издания для высших учебных заведений _xЗащита _91603819 _3RU\NLR\AUTH\661004510 |
||
| 686 | 1 | _aУ5-823.2-210.302я73 | |
| 686 | 1 | _aЗ811я73-1 | |
| 700 | 1 |
_aСухостат _bВ. В. _gВалентина Васильевна |
|
| 852 |
_aNLR _j2022-4/923 |
||
| 942 | _cBOOK | ||